[Event "Turkish Cup 2022"]
[Site "Sakarya"]
[Date "2022.03.29"]
[Round "7.12"]
[White "Yazici, Ugur Doga"]
[Black "Kavri, Yusuf Eren"]
[Result "0-1"]
[WhiteElo "2195"]
[BlackElo "1886"]
[Annotator "TA"]
[PlyCount "86"]
[EventDate "2022.03.25"]
[EventType "swiss"]
[EventCountry "TUR"]
[SourceTitle "playchess.com"]
[Source "ChessBase"]
[SourceQuality "1"]

{[%evp 20,86,0,0,14,2,22,-14,32,-16,-16,-40,0,-33,-41,-37,-38,-34,-37,-46,-6,-52,-47,-60,-35,-76,-64,-94,-86,-131,-112,-113,-109,-180,-163,-239,-235,-231,-159,-190,-190,-200,-208,-379,-270,-386,-275,-362,-355,-327,-307,-439,-370,-456,-467,-389,-315,-595,-573,-546,-424,-789,-778,-755,-768,-762,-754,-749,-731]} 1. e4 c5 2. Nf3 Nc6 3. Bb5 g6 4. O-O Bg7 5. Re1 e5 6. Bxc6 dxc6 7. d3 Qe7 8. Nbd2 Nh6 9. Nc4 f6 10. a4 O-O 11. a5 Be6 {[#] B31: Sicilian: 2...Nc6 3 Bb5 g6.} 12. Ra4 $146 ({Predecessor:} 12. Be3 Ng4 13. Bd2 Nh6 14. h4 Ng4 15. Qe2 h5 16. Ra4 Nh6 17. Rb1 Rfd8 18. Nh2 Nf7 19. Be3 {½-½ (51) Neto,H (2562)-Muck,C (2577) ICCF email 2019}) 12... Rfd8 13. Qe2 Bf8 (13... Qc7 $11) 14. h3 (14. Be3 $14) 14... Qc7 $1 $11 15. Nh2 Nf7 (15... b5 $5 {[%cal Rb5a4]} 16. axb6 axb6 17. Rxa8 Rxa8 $15) 16. b3 (16. Qf3 {seems wilder.} Kg7 17. Ng4 Be7 18. Nge3) 16... b5 {[%csl LRa4,LRc4]} 17. axb6 $1 axb6 18. Rxa8 Rxa8 19. Ng4 Be7 20. Qf3 (20. Nh6+ $11 Nxh6 21. Bxh6) 20... Kg7 21. Qg3 Ra2 22. Nce3 {[%cal Oe3f5]} Qd7 {White is on the road to losing.} 23. Nh2 Nd6 {[%cal Bf7d6,Bd6b5,Bb5d4,Bd4c2][%mdl 32]} 24. f4 exf4 25. Qxf4 Nb5 $1 26. Rf1 {[#]} (26. Qh6+ $17 {was called for.} Kg8 27. Nhg4) 26... Nd4 $1 $19 27. Qh6+ (27. Kh1 $142) 27... Kg8 (27... Kxh6 $2 {is a self mate.} 28. Nf5+ Kh5 29. g4#) 28. Kh1 Nxc2 29. Neg4 Qd8 30. Qh4 {[%cal Rg4f6] [#]} Ra1 $1 (30... Bxb3 31. Nxf6+ Bxf6 32. Rxf6 $18) 31. Bb2 $2 (31. e5 fxe5 32. Qg3) 31... Rxf1+ 32. Nxf1 {[%cal Rg4f6]} Nd4 {White must now prevent ...f5.} 33. Nh6+ Kg7 34. Ng4 Bxb3 {Active counter play!} 35. Nfe3 (35. Qh6+ $142 Kg8 36. Nd2) 35... Be6 {Threatens to win with ...f5.} 36. Qh6+ Kg8 37. Qf4 b5 {Strongly threatening ...h5.} 38. h4 $2 (38. e5 f5 39. Nf6+ Kg7 40. Nf1) 38... h5 {Black is clearly winning.} 39. Nf2 Kg7 {...Bd6 is the strong threat.} 40. g4 (40. Nf1 $142) 40... Bd6 41. e5 Bxe5 42. Qe4 Bd5 43. Nxd5 Qxd5 {Weighted Error Value: White=0.54/Black=0.18 (very precise)} 0-1

[Event "Turkish Cup 2022"]
[Site "Sakarya"]
[Date "2022.03.29"]
[Round "7.14"]
[White "Gulden, Egemen"]
[Black "Tahaoglu, Erkin"]
[Result "0-1"]
[WhiteElo "2094"]
[BlackElo "1694"]
[Annotator "NA"]
[PlyCount "105"]
[EventDate "2022.03.25"]
[EventType "swiss"]
[EventCountry "TUR"]
[SourceTitle "playchess.com"]
[Source "ChessBase"]
[SourceQuality "1"]
[TimeControl "5400+30"]

1. Nf3 d5 2. d3 c5 3. g3 Nc6 4. Bg2 Nf6 5. O-O {[%emt 0:04:00]} e5 {[%emt 0:04:00]} 6. Bg5 {[%emt 0:04:30]} Be7 {[%emt 0:03:30]} 7. Nfd2 {[%emt 0:02:30]} Ng8 {[%emt 0:01:30]} 8. Bxe7 {[%emt 0:00:00]} Ngxe7 {[%emt 0:00:30]} 9. c4 {[%emt 0:03:00]} dxc4 {[%emt 0:03:30]} 10. Nxc4 {[%emt 0:00:30]} O-O {[%emt 0:04:30]} 11. Nc3 {[%emt 0:04:30]} Be6 {[%emt 0:01:30]} 12. b3 {[%emt 0:08:30]} Rc8 {[%emt 0:05:30]} 13. Ne4 {[%emt 0:01:30]} b6 {[%emt 0:02:30]} 14. Ng5 {[%emt 0:20:30]} Bd5 {[%emt 0:00:30]} 15. Nf3 {[%emt 0:00:30]} Ng6 {[%emt 0:04:30]} 16. h4 {[%emt 0:01:30]} Nd4 {[%emt 0:00:30]} 17. h5 {[%emt 0:11:30]} Nxf3+ {[%emt 0:07:30]} 18. Bxf3 {[%emt 0:03:30]} Bxf3 {[%emt 0:00:30]} 19. exf3 {[%emt 0:06:30]} Ne7 {[%emt 0:00:30]} 20. Nxe5 {[%emt 0:00:30]} Qd5 {[%emt 0:03:30]} 21. Qe2 {[%emt 0:03:30]} Nc6 {[%emt 0:01:30]} 22. Nxc6 {[%emt 0:02:30]} Rxc6 {[%emt 0:00:30]} 23. Qe4 {[%emt 0:00:00]} Rd6 {[%emt 0:00:00]} 24. Qg4 {[%emt 0:10:52]} Rfd8 {[%emt 0:07:00]} 25. Rad1 {[%emt 0:02:47]} Qd4 {[%emt 0:03:30]} 26. Qxd4 {[%emt 0:00:30]} Rxd4 {[%emt 0:00:30]} 27. Rfe1 {[%emt 0:00:30]} Kf8 {[%emt 0:00:30]} 28. Re3 {[%emt 0:00:13]} a5 {[%emt 0:07:30]} 29. Kf1 {[%emt 0:00:30]} a4 {[%emt 0:00:30]} 30. Ke2 {[%emt 0:01:12]} axb3 {[%emt 0:03:30]} 31. axb3 {[%emt 0:00:30]} Rb4 {[%emt 0:00:30]} 32. Rb1 {[%emt 0:00:30]} Ra8 {[%emt 0:00:30]} 33. Re4 {[%emt 0:00:30]} Rb5 {[%emt 0:02:30]} 34. Kd1 {[%emt 0:04:04]} Ra3 {[%emt 0:00:30]} 35. Kc2 {[%emt 0:00:30]} Ra2+ {[%emt 0:01:30]} 36. Rb2 {[%emt 0:00:33]} Ra1 {[%emt 0:00:30]} 37. Kc3 {[%emt 0:00:58]} Rc1+ {[%emt 0:01:30]} 38. Kd2 {[%emt 0:00:53]} Rf1 {[%emt 0:02:30]} 39. Ke3 {[%emt 0:02:43]} f5 {[%emt 0:00:30]} 40. Ra4 {[%emt 0:00:30]} Re1+ {[%emt 0:00:30]} 41. Kd2 {[%emt 0:00:30]} Rh1 {[%emt 0:05:30]} 42. g4 {[%emt 0:02:16]} Kf7 {[%emt 0:00:30]} 43. Rf4 {[%emt 0:00:34]} g6 {[%emt 0:00:30]} 44. hxg6+ {[%emt 0:00:34]} hxg6 {[%emt 0:00:00]} 45. Rc4 {[%emt 0:00:25]} Ke6 {[%emt 0:03:00]} 46. d4 {[%emt 0:00:43]} cxd4 {[%emt 0:02:30]} 47. Rxd4 {[%emt 0:00:01]} Rd5 {[%emt 0:00:30]} 48. Rxd5 {[%emt 0:00:52]} Kxd5 {[%emt 0:00:30]} 49. Ke3 {[%emt 0:00:00]} b5 {[%emt 0:00:30]} 50. Rc2 {[%emt 0:00:42]} fxg4 {[%emt 0:01:30]} 51. fxg4 {[%emt 0:00:32]} Rb1 {[%emt 0:00:30]} 52. Rc3 {[%emt 0:01:18]} g5 {[%emt 0:00:30]} 53. f3 {[%emt 0:00:48]} 0-1

[Event "Turkish Cup 2022"]
[Site "Sakarya"]
[Date "2022.03.29"]
[Round "7.15"]
[White "Maruflu, Enes Yusuf"]
[Black "Korkmaz, Necmettin"]
[Result "1/2-1/2"]
[WhiteElo "1945"]
[BlackElo "2076"]
[Annotator "TA"]
[PlyCount "138"]
[EventDate "2022.03.25"]
[EventType "swiss"]
[EventCountry "TUR"]
[SourceTitle "playchess.com"]
[Source "ChessBase"]
[SourceQuality "1"]
[TimeControl "5400+30"]

{[%evp 68,138,481,45,45,45,45,45,45,45,48,0,0,-18,-18,-1443,-18,-26,0,0,0,0,0,0,0,0,95,0,69,0,0,0,48,55,55,55,69,69,69,55,55,55,81,55,55,55,55,0,0,0,55,55,55,55,55,55,55,55,55,55,55,0,0,0,0,0,0,0,0,0,0,0,0]} 1. e4 e6 2. d4 d5 3. e5 c5 4. c3 Qb6 5. Nf3 Bd7 6. a3 {[%emt 0:00:30]} Nc6 {[%emt 0:11:30]} 7. b4 {[%emt 0:01:30]} cxd4 {[%emt 0:00:30]} 8. cxd4 {[%emt 0:00:00]} Rc8 {[%emt 0:00:30]} 9. Be3 {[%emt 0:07:00]} Nge7 {[%emt 0:04:30]} 10. Bd3 {[%emt 0:01:30]} Nf5 {[%emt 0:00:30]} 11. O-O {[%emt 0:08:30]} Be7 {[%emt 0:03:30]} 12. Bxf5 {[%emt 0:03:30]} exf5 {[%emt 0:00:30]} 13. Nc3 {[%emt 0:06:30]} Be6 {[%emt 0:12:30]} 14. Na4 {[%emt 0:05:30]} Qd8 {[%emt 0:02:30]} 15. Qd2 {[%emt 0:03:30]} b6 {[%emt 0:02:30]} 16. Rac1 {[%emt 0:00:30]} O-O {[%emt 0:02:30]} 17. Rc3 {[%emt 0:04:30]} Qd7 {[%emt 0:06:30]} 18. Qc2 {[%emt 0:11:30]} Nb8 {[%emt 0:12:30]} 19. Rc1 {[%emt 0:01:30]} Rxc3 {[%emt 0:02:30]} 20. Nxc3 {[%emt 0:00:00]} Rc8 {[%emt 0:00:30]} 21. Qb2 {[%emt 0:00:00]} Nc6 {[%emt 0:04:30]} 22. Ne2 {[%emt 0:01:30]} h6 {[%emt 0:05:30]} 23. h4 {[%emt 0:00:30]} b5 {[%emt 0:08:30]} 24. Nf4 {[%emt 0:01:30]} Nd8 {[%emt 0:02:27]} 25. g3 {[%emt 0:06:30]} Rc4 {[%emt 0:01:17]} 26. Nd2 {[%emt 0:05:30]} g5 {[%emt 0:02:53]} 27. Nxc4 {[%emt 0:07:30]} dxc4 {[%emt 0:05:25]} 28. hxg5 {[%emt 0:01:30]} hxg5 {[%emt 0:00:30]} 29. Nxe6 {[%emt 0:00:30]} Nxe6 {[%emt 0:00:04]} 30. f4 {[%emt 0:02:30]} Bd8 {[%emt 0:00:30]} 31. Rd1 {[%emt 0:00:30]} Bb6 {[%emt 0:03:51]} 32. Qf2 {[%emt 0:12:03]} c3 {[%emt 0:02:57]} 33. fxg5 {[%emt 0:02:42]} f4 {[%emt 0:02:11]} 34. gxf4 {[%emt 0:00:47]} Nxd4 {[%emt 0:00:18]} 35. f5 $2 {[%emt 0:02:28]} (35. Rxd4 $18 Qg4+ 36. Qg2 Qxg2+ 37. Kxg2) 35... c2 $1 $14 {[%emt 0:00:18]} 36. Qxc2 {[%emt 0:00:06]} ({Don't go for} 36. Rxd4 $2 Bxd4 37. Qxc2 Bxe3+ 38. Kf1 Qd4 $19) 36... Nxc2 {[%emt 0:01:54]} 37. Rxd7 {[%emt 0:00:30]} Nxe3 {[%emt 0:00:00]} 38. f6 {[%emt 0:02:52]} Ng4+ {[%emt 0:01:00]} 39. Kf1 {[%emt 0:00:21]} (39. Kg2 $14 Nxe5 40. Re7) 39... Nxe5 $11 {[%emt 0:00:06]} 40. Rd5 {[%emt 0:00:30]} Nc4 {[%emt 0:00:30]} 41. Rxb5 $2 {[%emt 0:00:30][%mdl 8192]} (41. Ke2 $11) 41... Nxa3 $2 {[%emt 0:00:30]} (41... a6 $19 42. Rxb6 Nxb6) 42. Re5 $11 {[%emt 0:00:00]} Kf8 {[%emt 0:00:00]} 43. Kg2 {[%emt 0:00:01]} Nc2 {[%emt 0:00:13]} 44. b5 {[%emt 0:00:30]} Nd4 {[%emt 0:00:20]} 45. Kh3 {[%emt 0:00:47]} Ne6 {[%emt 0:01:24]} 46. Kg4 {[%emt 0:01:12]} Bc7 {[%emt 0:01:01] [#]} (46... Nd4 $11 {keeps the balance.}) 47. Re1 {[%emt 0:00:52]} (47. Re4 $1 $16) 47... Kg8 {[%emt 0:00:30]} (47... Bb6 $11) 48. Rd1 {[%emt 0:01:56]} (48. Re4 $1 $14) 48... Bb6 $11 {[%emt 0:00:54]} 49. Rd7 {[%emt 0:00:30]} Nf8 {[%emt 0:00:30]} (49... Kh7 $11) 50. Re7 {[%emt 0:01:06]} Bc5 {[%emt 0:00:49]} 51. Kf5 {[%emt 0:00:30]} Bg1 {[%emt 0:00:30]} 52. Re8 {[%emt 0:00:30]} Bc5 $1 {[%emt 0:00:30]} 53. Rc8 {[%emt 0:00:30]} Be3 {[%emt 0:00:30]} 54. Kg4 {[%emt 0:00:30]} Bd2 $1 {[%emt 0:00:47]} 55. Ra8 {[%emt 0:00:00]} Be3 {[%emt 0:00:30]} 56. Kf5 {[%emt 0:00:14]} Bc5 $1 {[%emt 0:00:30]} 57. Ke4 {[%emt 0:00:30]} ({White should try} 57. Re8 $14) 57... Kh7 $1 $11 {[%emt 0:00:14]} 58. Kf5 {[%emt 0:01:50]} Ng6 {[%emt 0:00:43]} (58... Kg8 $1 $11) 59. Rc8 $14 {[%emt 0:00:30]} Bb6 {[%emt 0:00:23]} 60. Re8 {[%emt 0:00:32]} Bc5 {[%emt 0:00:41]} 61. Rb8 {[%emt 0:00:39]} Bb6 {[%emt 0:00:30]} 62. Rb7 {[%emt 0:00:30]} Kg8 {[%emt 0:00:30]} 63. Ke4 {[%emt 0:00:30]} Nh4 {[%emt 0:00:30]} 64. Rb8+ {[%emt 0:00:30]} (64. Kf4 $14) 64... Kh7 $11 {[%emt 0:00:02]} 65. Rf8 {[%emt 0:00:42]} Kg6 {[%emt 0:00:48]} 66. Rg8+ {[%emt 0:00:30]} Kh5 {[%emt 0:00:11]} 67. Rg7 {[%emt 0:00:41]} Ng6 {[%emt 0:00:30]} 68. Kf5 {[%emt 0:00:22]} Nh4+ {[%emt 0:00:42]} 69. Ke4 {[%emt 0:00:17]} Ng6 {[%emt 0:00:00]} 1/2-1/2

[Event "Turkish Cup 2022"]
[Site "Sakarya"]
[Date "2022.03.29"]
[Round "7.16"]
[White "Canbulan, Arda"]
[Black "Gunduz, Umut Erdem"]
[Result "1/2-1/2"]
[WhiteElo "1867"]
[BlackElo "2258"]
[Annotator "TA"]
[PlyCount "89"]
[EventDate "2022.03.25"]
[EventType "swiss"]
[EventCountry "TUR"]
[SourceTitle "playchess.com"]
[Source "ChessBase"]
[SourceQuality "1"]
[TimeControl "5400+30"]

{[%evp 15,89,21,21,16,0,4,12,19,63,64,74,11,41,36,40,-38,-22,-23,-37,-43,-16,-38,-7,-6,-6,-15,-8,-18,-5,-20,-19,-37,0,-2,-11,-20,0,0,0,0,86,79,76,87,87,87,88,58,156,26,26,26,35,9,10,10,22,0,0,0,0,0,0,0,0,0,0,0,0,0,-28000,-28000,-28000,-28000,-28000,-28000]} 1. e4 e5 2. Nf3 Nc6 3. d4 exd4 4. Nxd4 Bc5 {[%emt 0:06:30]} 5. Be3 {[%emt 0:01:00]} Qf6 {[%emt 0:00:30]} 6. c3 {[%emt 0:00:30]} Nge7 {[%emt 0:00:30]} 7. Bc4 {[%emt 0:00:30]} O-O {[%emt 0:00:00]} 8. Nxc6 {[%emt 0:00:30]} Qxc6 {[%emt 0:00:00]} 9. Bxc5 {[%emt 0:00:30]} Qxc5 {[%emt 0:00:30]} 10. Qd4 {[%emt 0:00:00]} Qg5 {[%emt 0:08:30]} 11. O-O {[%emt 0:01:00]} d5 {[%emt 0:01:30]} 12. f4 $1 {[%emt 0:06:30]} Qg6 {[%emt 0:11:30]} 13. f5 {[%emt 0:10:30]} (13. exd5 $16 Bh3 14. Rf2) 13... Qg4 {[%emt 0:29:30]} (13... Qg5 {seems wilder.} 14. Bxd5 Nxd5 15. exd5 Bxf5 16. Nd2 Rfe8) 14. Bxd5 {[%emt 0:23:30]} Bxf5 {[%emt 0:00:30]} 15. exf5 {[%emt 0:13:30]} ({White should try} 15. Bxb7 $14 Rab8 16. exf5 Qxd4+ 17. cxd4 Rxb7 18. b3) 15... Qxd4+ $15 {[%emt 0:01:30]} 16. cxd4 {[%emt 0:00:30]} Nxd5 {[%emt 0:00:30]} 17. Nc3 {[%emt 0:00:00]} Rad8 {[%emt 0:00:00]} 18. Rfe1 {[%emt 0:03:00]} Nxc3 {[%emt 0:19:03]} 19. bxc3 {[%emt 0:00:30]} Rd6 {[%emt 0:00:00]} 20. Rab1 {[%emt 0:04:30]} b6 {[%emt 0:00:00]} 21. Re3 {[%emt 0:03:30]} Rfd8 {[%emt 0:00:27]} 22. Rb5 {[%emt 0:04:30]} Kf8 {[%emt 0:00:30]} 23. Rbe5 {[%emt 0:00:00]} Rd5 {[%emt 0:03:45]} (23... f6 $5 {[%cal Rf6e5]} 24. Re7 R6d7 $11) 24. g4 {[%emt 0:04:00]} Rxe5 {[%emt 0:01:47]} 25. Rxe5 {[%emt 0:00:30]} f6 {[%emt 0:05:31]} 26. Re6 {[%emt 0:02:30]} Re8 {[%emt 0:01:37]} 27. d5 {[%emt 0:02:30]} Re7 {[%emt 0:00:30]} (27... b5 $11 {keeps the balance.}) 28. c4 {[%emt 0:00:30]} Ke8 {[%emt 0:00:30]} 29. Kf2 {[%emt 0:00:30]} Kd7 {[%emt 0:00:17]} 30. Ke3 {[%emt 0:05:07]} Re8 {[%emt 0:07:43]} 31. Kf4 {[%emt 0:06:55]} h6 {[%emt 0:00:57] [#]} (31... a5 $14) 32. h4 {[%emt 0:00:28]} (32. Kg3 $1 $16 {[%cal Rg3h4]}) 32... Rh8 $1 $11 {[%emt 0:00:32]} 33. a3 {[%emt 0:03:29]} Rh7 {[%emt 0:00:32]} 34. a4 {[%emt 0:01:52]} Rh8 {[%emt 0:01:03]} 35. Kf3 {[%emt 0:00:36]} a6 {[%emt 0:01:34]} 36. Kf4 {[%emt 0:00:05]} b5 $1 {[%emt 0:00:11]} 37. axb5 {[%emt 0:03:17]} axb5 {[%emt 0:00:30]} 38. cxb5 {[%emt 0:00:30]} Rb8 {[%emt 0:00:00]} 39. g5 {[%emt 0:00:00]} hxg5+ {[%emt 0:00:05]} 40. hxg5 {[%emt 0:00:24]} Rxb5 {[%emt 0:00:30]} 41. gxf6 {[%emt 0:00:30]} gxf6 {[%emt 0:00:32]} 42. Rxf6 $2 {[%emt 0:00:00][%mdl 8192]} (42. Ke4 $11) 42... Rxd5 {[%emt 0:00:30]} 43. Rf7+ {[%emt 0:00:03]} Kd6 {[%emt 0:00:00]} 44. Rf6+ {[%emt 0:02:04]} Kd7 {[%emt 0:00:03]} 45. Rf7+ {[%emt 0:00:48]} 1/2-1/2

[Event "Turkish Cup 2022"]
[Site "Sakarya"]
[Date "2022.03.29"]
[Round "7.17"]
[White "Isik, Alparslan"]
[Black "Kurdas, Halil Ibrahim"]
[Result "1-0"]
[WhiteElo "2328"]
[BlackElo "1850"]
[Annotator "TA"]
[PlyCount "89"]
[EventDate "2022.03.25"]
[EventType "swiss"]
[EventCountry "TUR"]
[SourceTitle "playchess.com"]
[Source "ChessBase"]
[SourceQuality "1"]
[TimeControl "5400+30"]

{[%evp 23,89,-7,-6,-20,39,23,52,52,94,93,109,74,114,110,138,97,118,113,108,102,102,81,100,87,106,62,149,149,152,144,217,219,238,238,244,241,283,283,283,264,429,430,425,415,432,431,448,356,953,900,857,700,1084,1067,1056,923,1143,1137,1192,1165,1188,1032,2202,2278,29992,29993,29993,29994]} 1. d4 Nf6 2. c4 e6 3. Nf3 d5 4. Nc3 {[%emt 0:04:30]} c6 {[%emt 0:05:30]} 5. Qd3 {[%emt 0:04:30]} Bb4 {[%emt 0:06:30]} 6. g3 {[%emt 0:00:30]} Nbd7 {[%emt 0:03:30]} 7. Bg2 {[%emt 0:00:30]} Ne4 {[%emt 0:02:30]} 8. a3 {[%emt 0:05:30]} Bxc3+ {[%emt 0:05:30]} 9. bxc3 {[%emt 0:00:00]} O-O {[%emt 0:00:30]} 10. Nd2 {[%emt 0:02:00]} f5 {[%emt 0:03:30]} 11. O-O {[%emt 0:04:30]} Nb6 {[%emt 0:04:30]} 12. cxd5 {[%emt 0:00:30]} ({Reject} 12. Nxe4 fxe4 13. Qd1 $17) 12... exd5 {[%emt 0:05:30]} 13. Nb3 {[%emt 0:11:30]} Na4 {[%emt 0:05:30]} ({Black should play} 13... Re8 $11) 14. c4 $14 {[%emt 0:05:30]} Be6 {[%emt 0:01:30]} 15. c5 $1 {[%emt 0:08:30]} b5 {[%emt 0:05:30]} 16. f3 {[%emt 0:01:30]} Nf6 {[%emt 0:00:30]} 17. Rb1 {[%emt 0:03:30]} Qd7 {[%emt 0:03:30]} 18. Bf4 {[%emt 0:01:30]} h6 {[%emt 0:03:30]} 19. Nd2 {[%emt 0:03:30]} Rf7 {[%emt 0:02:30]} 20. Be5 {[%emt 0:01:30]} Qd8 {[%emt 0:07:30]} 21. Qc2 {[%emt 0:07:30]} Nd7 {[%emt 0:04:30]} 22. Bd6 {[%emt 0:00:30]} Qf6 {[%emt 0:01:30]} 23. Qd3 {[%emt 0:05:30]} Rd8 {[%emt 0:08:30]} 24. e4 {[%emt 0:05:30]} g5 {[%emt 0:07:04]} (24... fxe4 $14 25. fxe4 Qg6) 25. e5 {[%emt 0:04:30]} Qg6 {[%emt 0:00:47]} 26. f4 {[%emt 0:00:51]} g4 {[%emt 0:00:30]} (26... Nf8 $16 27. Rf2 Bd7) 27. h3 {[%emt 0:00:30]} h5 {[%emt 0:00:41]} 28. h4 {[%emt 0:02:16]} Nf8 {[%emt 0:00:30]} 29. Rfc1 {[%emt 0:05:18]} a6 {[%emt 0:01:32]} 30. Nb3 {[%emt 0:01:08]} Bc8 {[%emt 0:00:30]} 31. Na5 {[%emt 0:00:30]} Bb7 $2 {[%emt 0:00:30]} (31... Bd7 32. Nb7 Ra8 33. Bxf8 Rb8) 32. Bf1 $18 {[%emt 0:00:00]} Ne6 {[%emt 0:05:11]} 33. Be2 {[%emt 0:00:18]} Ba8 {[%emt 0:04:15]} 34. Bd1 {[%emt 0:00:15]} Kh7 {[%emt 0:00:53]} 35. Qd2 {[%emt 0:01:42]} Rxd6 $2 {[%emt 0:01:29]} (35... Ra7 36. Bxa4 bxa4) 36. exd6 $18 {[%emt 0:02:19]} Qf6 {[%emt 0:02:22]} 37. Rb4 {[%emt 0:00:01]} Naxc5 {[%emt 0:00:08]} 38. dxc5 {[%emt 0:00:46]} Nf8 {[%emt 0:00:22]} 39. Qd4 {[%emt 0:00:26]} Qd8 {[%emt 0:00:35]} 40. Rb3 {[%emt 0:00:44]} Qxa5 {[%emt 0:00:25]} 41. Re3 {[%emt 0:00:02]} Ng6 {[%emt 0:00:06]} 42. Bc2 {[%emt 0:01:22]} Qd8 {[%emt 0:00:45]} 43. Rce1 {[%emt 0:00:05]} Nxh4 {[%emt 0:00:24]} 44. gxh4 {[%emt 0:00:30]} Qxh4 {[%emt 0:00:30]} 45. Bxf5+ {[%emt 0:00:00]} 1-0

[Event "Turkish Cup 2022"]
[Site "Sakarya"]
[Date "2022.03.29"]
[Round "7.18"]
[White "Kilic, Efe Mert"]
[Black "Hatirli, Ugur Can"]
[Result "1-0"]
[WhiteElo "2220"]
[BlackElo "1818"]
[Annotator "TA"]
[PlyCount "183"]
[EventDate "2022.03.25"]
[EventType "swiss"]
[EventCountry "TUR"]
[SourceTitle "playchess.com"]
[Source "ChessBase"]
[SourceQuality "1"]

{[%evp 17,183,38,41,19,17,29,24,24,22,18,25,0,25,25,33,27,32,22,25,14,44,16,52,28,28,27,41,37,46,-68,15,0,1,0,0,0,50,45,71,80,78,56,83,64,51,37,58,14,39,38,39,38,72,0,181,197,197,-24,0,-15,0,0,0,0,74,84,190,200,165,92,188,173,196,87,100,0,0,0,0,0,110,55,55,66,65,47,57,47,46,21,16,0,4,7,7,7,6,0,52,0,0,0,0,0,0,0,23,25,22,22,21,24,85,85,85,85,85,85,680,647,647,577,545,531,572,538,2716,2262,1856,1956,1659,1522,1347,1383,1565,1368,1287,1118,1197,1189,1098,1078,984,987,661,571,29976,29977,29976,4133,29982,29983,29983,29984,29984,29985,29984,29985,29985,29986,29985,29986,29990,29991,29991,29992,29992,29993]} 1. e4 c5 2. Nc3 Nc6 {[%cal Bb8c6,Bc6d4,Bd4e2][%mdl 32]} 3. g3 g6 4. Bg2 Bg7 5. d3 e6 6. Be3 Nd4 7. Nce2 Ne7 8. c3 Nxe2 9. Nxe2 b6 10. Qd2 {B24: Closed Sicilian: 3 g3 sidelines.} Bb7 11. Bh6 Bxh6 12. Qxh6 {White has an edge.} Ng8 13. Qe3 {[#]} Ne7 $146 ({Predecessor:} 13... Nf6 14. h3 O-O 15. O-O-O Qe7 16. Rh2 e5 17. f4 exf4 18. gxf4 d6 19. Bf3 Rae8 20. Rg1 c4 21. Ng3 cxd3 22. Qxd3 Nxe4 {1-0 (39) Palacio,I (2172)-Haring,V (2270) Chess.com INT 2020}) 14. Qh6 Ng8 15. Qf4 Qb8 16. Qe3 Nf6 17. Qg5 Qd8 18. O-O-O Rc8 19. Rhe1 c4 20. Qf4 cxd3 21. Rxd3 O-O {[%cal Oe6e5]} 22. Nd4 Rc5 23. Qd2 (23. Nc2 $14) 23... e5 (23... Ba6 $15 24. Rf3 Ng4) 24. Nb3 Rc4 25. f3 Qe7 26. g4 {And now g5 would win.} Bc6 (26... Rc7 $11) 27. Bf1 $14 Ra4 28. Kb1 Rc8 29. Rd1 Rc7 30. Ka1 Ne8 31. Qc2 (31. Qh6 {keeps more tension.} b5 32. Kb1 b4 33. c4) 31... Ng7 32. Nc1 Ne6 33. R3d2 b5 34. Nd3 {Prevents b4.} Ng5 35. Ne1 ({White should play} 35. Be2 $16) 35... Nxf3 $2 36. Nxf3 $18 Bxe4 {[#]} 37. Rd3 $1 {[%mdl 512]} a6 (37... Qe6 38. a3) 38. Re1 Bxd3 39. Bxd3 d6 40. Be4 Qd7 (40... Qe6 $1 $11 41. b3 Ra5) 41. b3 $16 {[%mdl 1024] White has strong compensation.} Ra5 (41... Rxe4 $16 42. Rxe4 f5 43. gxf5 Qxf5) 42. Qd2 $1 $18 b4 43. c4 ({White should try} 43. cxb4 $18 Rb5 44. Kb2) 43... Rac5 (43... Qxg4 $16 44. Qxb4 Rac5) 44. g5 ({Don't do} 44. Qxb4 $6 Qxg4 45. Qd2 Rd7 $16) 44... a5 {[#]} 45. Bd5 (45. Rd1 $1 $18 {and the rest is easy.}) 45... Ra7 46. Qc2 {&Bianco is much more active. The black rooks are badly placed.} (46. a3 $16) 46... a4 $11 47. Nd2 axb3 48. Nxb3 Qa4 (48... Rcc7 $1 $11 {keeps the balance.}) 49. Re2 (49. h4 $16) 49... Rcc7 $1 $14 50. h4 {[%cal Oh4h5]} Qd7 51. h5 $1 {aiming for hxg6.} Kf8 (51... gxh5 $2 52. g6 Kg7 53. gxf7 $18) 52. hxg6 hxg6 53. Rf2 Qg4 54. Qc1 Qg3 55. Rf3 Qh2 {[%csl Ga7][%cal Rh2a2]} 56. Qd2 {Dancing on a razor blade.} Qxd2 57. Nxd2 Ra5 (57... Ra3 $11) 58. Nb3 (58. Ne4 $14) 58... Ra3 $11 59. Kb1 Kg7 60. Rf2 Rca7 61. Rb2 Rc7 62. Nd2 {Black must now prevent Ne4.} Rd3 63. Rc2 Ra7 64. Kc1 Rc3 {[#]} (64... Rda3 $11 {remains equal.}) 65. Ne4 $1 $16 {[%csl LRc3,LRd6]} Rxc2+ 66. Kxc2 Rxa2+ 67. Kb3 Ra6 $2 {[%mdl 8192] This costs Black the game.} (67... Rg2 $16) 68. Kxb4 $18 Rb6+ 69. Ka5 {[%mdl 64] Deflection} Rb1 70. Nxd6 {Hoping for c5.} Rd1 71. Ne4 Kf8 72. Kb6 Ke7 73. Kc6 Rd3 74. Kc7 Rd4 75. Nf6 Rd1 76. Kc6 Rg1 77. Ne4 Rd1 78. c5 Rd4 79. Nf6 Rd1 80. Ng8+ Kf8 81. Nh6 {Threatening mate with Kd6.} Rg1 82. Kd6 e4 83. Bxe4 {Intending c6 and mate.} Rxg5 84. c6 {[%cal Bc5c6,Bc6c7][%mdl 32] White mates.} Rg1 85. c7 Rd1+ 86. Bd5 Rc1 87. Bc6 Rd1+ 88. Ke5 f6+ 89. Ke6 Re1+ 90. Kxf6 Rf1+ 91. Kg5 Rg1+ 92. Ng4 {Weighted Error Value: White=0.25 (precise) /Black=0.28 (precise)} 1-0